Cómo transformar su vida de familia en una historia de amor / Lou Beardsley ; Bárbara Marcos, Traductor (Registro nro. 32547)
[ vista simple ]
| 000 -LÍDER | |
|---|---|
| Campo fijo de descripción fija | 011440000a22002170004500 |
| 020 ## - NÚMERO INTERNACIONAL NORMALIZADO PARA LIBROS | |
| Número Internacional Normalizado del libro | 84-7228-604-5 |
| 041 0# - CÓDIGO DE IDIOMA | |
| Código de idioma para texto/pista de sonido o título separado | |
| 082 04 - NÚMERO DE CLASIFICACIÓN DECIMAL DEWEY | |
| Número de clasificación | G 173 B3685c |
| 001 - NÚMERO DE CONTROL | |
| Campo de control | 1224 |
| 100 1# - ASIENTO PRINCIPAL--NOMBRE PERSONAL | |
| Nombre personal | Beardsley, Lou |
| 245 10 - TÍTULO | |
| Título del Material | Cómo transformar su vida de familia en una historia de amor / Lou Beardsley ; Bárbara Marcos, Traductor |
| 260 ## - PUBLICACIÓN, DISTRIBUCIÓN, ETC. (PIE DE IMPRENTA) | |
| Lugar de publicación, distribución, etc. | Terrassa, Barcelona, España : CLIE |
| 300 ## - DESCRIPCIÓN FÍSICA | |
| Extensión | 136 Pag. |
| 336 ## - CONTENT TYPE | |
| Content type term | texto |
| Content type code | txt |
| Source | rdacontent |
| 337 ## - MEDIA TYPE | |
| Source | rdamedia |
| Media type term | sin mediación |
| Media type code | n |
| 338 ## - CARRIER TYPE | |
| Source | rdacarrier |
| Carrier type term | volumen |
| Carrier type code | nc |
| 500 ## - NOTA GENERAL | |
| Nota General | Título original : A family love history |
| 505 00 - NOTA DE CONTENIDO | |
| Nota de contenido con formato preestablecido | Uno en cada familia -- cuatro hijos, cuatro temperamentos -- "hogar, dulce hogar" -- ¿recuerdas cuando sólo llevaban melena los músicos? -- el probador de unos almacenes, o la claustrofobia de Conny -- las citas: ¿una delicia o un desastre? -- ayúdeles a reencontrar el camino -- la familia de nuestra iglesia -- libertad en el señor -- cuando vienen los problemas -- ¿y las enseñanzas, qué? -- futuros parientes políticos -- no lo predique... ívívalo! -- oren, jueguen y pasen el tiempo juntos |
| 650 14 - ASIENTO SECUNDARIO DE MATERIA - TERMINO TEMÁTICO | |
| Término temático o nombre geográfico como elemento de entrada | FAMILIA - VIDA RELIGIOSA |
| 942 ## - TIPO DE MATERIAL (KOHA) | |
| Tipo de Item KOHA | Libros General |
| Estado de Material | Estado de Perdido | Estado de Dañado | No para Préstamo | Colección | Tomo | Biblioteca de Origen | Biblioteca Permanente | Fecha de Adquisición | Total de Préstamos | Signatura Topográfica | Código de Barras | Última vez visto | Ejemplar/Existencia | Fecha de Remplazo | Tipo de Material |
|---|---|---|---|---|---|---|---|---|---|---|---|---|---|---|---|
| Colección General | Biblioteca FUSBC | Biblioteca FUSBC | 11/10/2004 | G 173 B3685c | 633 | 22/05/2025 | 1 | 26/01/2016 | Libros General |
